Simulation in Business and Economics
Gespeichert in:
| 1. Verfasser: | |
|---|---|
| Weitere Verfasser: | , |
| Format: | Buch |
| Sprache: | Englisch |
| Veröffentlicht: |
Englewood Cliffs
Prentice-Hall
1969
|
| Ausgabe: | 1. ed. |
| Schlagworte: | |
| Tags: |
Keine Tags, Fügen Sie das erste Tag hinzu!
|
MARC
| LEADER | 00000nam a2200000 4500 | ||
|---|---|---|---|
| 001 | c002006 | ||
| 005 | 20221220103344.0 | ||
| 041 | 0 | |a eng | |
| 044 | |a US | ||
| 245 | 1 | 0 | |a Simulation in Business and Economics |c Robert C. Meier, William T. Newell, Harold L. Pazer |
| 250 | |a 1. ed. | ||
| 264 | 1 | |a Englewood Cliffs |b Prentice-Hall |c 1969 | |
| 300 | |a 369 s. | ||
| 610 | 2 | 0 | |a simulácia |
| 610 | 2 | 0 | |a podnik |
| 610 | 2 | 0 | |a ekonómia |
| 610 | 2 | 0 | |a priemysel |
| 610 | 2 | 0 | |a modely dynamické |
| 610 | 2 | 0 | |a analýza ekonomická |
| 610 | 2 | 0 | |a metódy heuristické |
| 610 | 2 | 0 | |a teória hier |
| 610 | 2 | 0 | |a programy počítačové |
| 610 | 2 | 0 | |a modely simulačné |
| 100 | 1 | |a Meier, Robert C. | |
| 700 | 1 | |a Newell, William T. | |
| 700 | 1 | |a Pazer, Harold L. | |